[Event "FIDE Steinitz Mem Women"]
[Site "chess24.com INT"]
[Date "2020.05.17"]
[Round "18.3"]
[White "Cori T., Deysi"]
[Black "Tan, Zhongyi"]
[Result "0-1"]
[WhiteTitle "WGM"]
[BlackTitle "GM"]
[WhiteElo "2388"]
[BlackElo "2510"]
[WhiteFideId "3801934"]
[BlackFideId "8603642"]
[EventDate "2020.05.15"]

1. d4 Nf6 2. c4 e6 3. Nf3 d5 4. e3 c5 5. cxd5 exd5 6. Nc3 Nc6 7. Be2 Be6 8. O-O
c4 9. Ne5 Bd6 10. f4 O-O 11. Bf3 a6 12. Kh1 Ne7 13. g4 b5 14. f5 Bc8 15. g5 Bxe5
16. dxe5 Nd7 17. Nxd5 Rb8 18. f6 Nxd5 19. fxg7 Kxg7 20. Qxd5 Qe7 21. Bd2 Kg8 22.
Bc3 Nb6 23. Qd6 Qxd6 24. exd6 Bf5 25. Bf6 Bd3 26. Rf2 Nd7 27. Be7 Rfc8 28. Bd5
Bg6 29. h4 Rc5 30. e4 Re8 31. Raf1 Ne5 32. d7 Nxd7 33. Bxc5 Nxc5 34. Rxf7 Bxe4+
35. Bxe4 Rxe4 36. Rc7 Rxh4+ 37. Kg2 Rg4+ 38. Kh3 Rxg5 39. Re1 Kf8 40. Rxh7 Nd3
41. Re6 Nf4+ 42. Kh4 Nxe6 43. Rh6 Re5 44. Kg4 Ke7 45. Rh7+ Kd6 46. Ra7 Nc5 47.
Kf4 Re2 48. b4 cxb3 49. axb3 Rb2 0-1

[Event "FIDE Steinitz Mem Women"]
[Site "chess24.com INT"]
[Date "2020.05.17"]
[Round "18.4"]
[White "Abdumalik, Zhansaya"]
[Black "Lagno, Kateryna"]
[Result "1/2-1/2"]
[WhiteTitle "IM"]
[BlackTitle "GM"]
[WhiteElo "2478"]
[BlackElo "2546"]
[WhiteFideId "13703544"]
[BlackFideId "14109336"]
[EventDate "2020.05.15"]

1. e4 e5 2. Nf3 Nc6 3. Bb5 Bb4 4. c3 Ba5 5. O-O Nge7 6. d4 exd4 7. Nxd4 O-O 8.
Nxc6 bxc6 9. Bd3 d5 10. Qh5 f5 11. exd5 Nxd5 12. Bc2 Bb6 13. Nd2 Nf6 14. Qh4 Ba6
15. c4 Ne4 16. Qxd8 Raxd8 17. Nxe4 fxe4 18. b3 Rxf2 19. Rxf2 Rf8 20. Bf4 Rxf4
21. Rf1 Bc8 22. g3 Rxf2 23. Rxf2 Bf5 24. Bd1 e3 25. Re2 Bg4 26. Kf1 Bxe2+ 27.
Kxe2 Bd4 28. Kd3 c5 29. Bf3 Kf7 30. Be2 Ke7 31. Bf3 Kd6 32. Be4 h6 33. Bf3 Ke5
34. h3 Kd6 35. Bg4 Be5 36. Kxe3 Bxg3 37. Ke4 g6 38. Be2 Be5 39. Bg4 Bd4 40. Bf3
Kc6 41. Bg4 Kb6 42. Kd5 h5 43. Be6 g5 44. Ke4 Ka5 45. Bf7 h4 46. Be6 Kb4 47. Kd3
Ka3 48. Kc2 Kxa2 49. Bf5 Ka3 50. Be6 Kb4 51. Bd7 a5 52. Be6 Be5 53. Bf5 a4 54.
bxa4 Kxc4 55. Bd7 Kb4 56. Bc6 g4 57. hxg4 Bf4 58. Kb2 c4 59. Kc2 c3 60. a5 Kxa5
61. Kxc3 Kb6 62. Be4 Kc5 63. Kd3 h3 64. Ke2 Kd4 65. Bc6 Kc5 66. Bf3 Kb5 67. Kf2
c5 68. Be2+ Kb4 69. g5 Bxg5 70. Kg3 c4 71. Bxc4 Kxc4 72. Kxh3 1/2-1/2